ბათუმის შოთა რუსთაველის სახელმწიფო უნივერსიტეტის ბიბლიოთეკა

Open Mind : (ბიბ.ჩანაწერი № 58024)

000 -LEADER
fixed length control field 00577nam a22001697a 4500
005 - DATE AND TIME OF LATEST TRANSACTION
control field 20221108155853.0
008 - FIXED-LENGTH DATA ELEMENTS--GENERAL INFORMATION
fixed length control field 210513s2018 enk||||| |||| 00| 0 eng d
020 ## - INTERNATIONAL STANDARD BOOK NUMBER
International Standard Book Number 9780230458192x
041 ## - LANGUAGE CODE
Language code of text/sound track or separate title eng
080 ## - UNIVERSAL DECIMAL CLASSIFICATION NUMBER
Universal Decimal Classification number 811.111.1 O-63
245 ## - TITLE STATEMENT
Title Open Mind :
Remainder of title Upper Intermediate Student's Book B2 /
Statement of responsibility, etc. Mickey Rogers, Joanne Taylore-Knowles, Steve Taylore-Knowles, With Ingrid Wisniewska.
264 ## - PRODUCTION, PUBLICATION, DISTRIBUTION, MANUFACTURE, AND COPYRIGHT NOTICE
Place of production, publication, distribution, manufacture London :
Name of producer, publisher, distributor, manufacturer Macmillan,
Date of production, publication, distribution, manufacture, or copyright notice 2018.
300 ## - PHYSICAL DESCRIPTION
Extent 183 p.;
Other physical details 30 cm.
653 ## - INDEX TERM--UNCONTROLLED
keyword ინგლისური ენა
653 ## - INDEX TERM--UNCONTROLLED
keyword გრამატიკა
942 ## - ADDED ENTRY ELEMENTS (KOHA)
Source of classification or shelving scheme
Koha item type წიგნი
ეგზემპლარები
Withdrawn status Lost status Source of classification or shelving scheme Damaged status Not for loan Permanent Location Current Location Shelving location Date acquired Cost, normal purchase price Full call number Barcode Date last seen Copy number Price effective from Koha item type Public note
          ბათუმის შოთა რუსთაველის სახელმწიფო უნივერსიტეტის მთავარი ბიბლიოთეკა ბათუმის შოთა რუსთაველის სახელმწიფო უნივერსიტეტის მთავარი ბიბლიოთეკა წიგნსაცავი 2021-05-13 15.00 811.111.1 O-63 61315 2021-05-13 61315 2021-05-13 წიგნი 15.00